[Event "GBR-ch U1900 op 105th"]
[Site "Hull"]
[Date "2018.08.02"]
[Round "4"]
[White "Georgiou, Denis"]
[Black "Cawston, M John"]
[Result "1-0"]
[WhiteElo "1690"]
[BlackElo "1871"]
[PlyCount "43"]
[EventDate "2018.07.30"]
[EventType "swiss"]
[EventRounds "5"]
[EventCountry "ENG"]
[SourceTitle "EXT 2021"]
[Source "ChessBase"]
[SourceDate "2020.10.23"]
[SourceVersion "1"]
[SourceVersionDate "2020.10.23"]
[SourceQuality "1"]

1. e4 c5 2. Nf3 e6 3. d4 cxd4 4. Nxd4 a6 5. Bd3 Bc5 6. Nb3 Be7 7. c4 d6 8. Nc3 Qc7 9. 0-0 Nd7 10. f4 Ngf6 11. Qe2 b6 12. Bd2 Bb7 13. Rae1 Nc5 14. Nxc5 Qxc5+ 15. Be3 Qc7 16. Bd4 0-0 17. Kh1 Rfe8 18. Rf3 d5 19. exd5 exd5 20. Bxf6 gxf6 21. Rg3+ Kh8 22. Qh5 1-0

[Event "GBR-ch U1900 op 105th"]
[Site "Hull"]
[Date "2018.07.31"]
[Round "2"]
[White "Crouch, Timothy J"]
[Black "Georgiou, Denis"]
[Result "0-1"]
[WhiteElo "1535"]
[BlackElo "1690"]
[PlyCount "66"]
[EventDate "2018.07.30"]
[EventType "swiss"]
[EventRounds "5"]
[EventCountry "ENG"]
[SourceTitle "EXT 2021"]
[Source "ChessBase"]
[SourceDate "2020.10.23"]
[SourceVersion "1"]
[SourceVersionDate "2020.10.23"]
[SourceQuality "1"]

1. e4 c5 2. Nf3 d6 3. Bb5+ Nc6 4. d3 Bd7 5. Be3 Nf6 6. h3 a6 7. Bc4 b5 8. Bb3 Na5 9. c3 Nxb3 10. Qxb3 c4 11. Qc2 cxd3 12. Qxd3 e5 13. Nbd2 Be7 14. Rd1 h6 15. 0-0 0-0 16. Rfe1 Be6 17. Nf1 Nh5 18. Qb1 Qa5 19. a3 f5 20. exf5 Bxf5 21. Qa2+ Kh7 22. Bc1 Bg6 23. Nd4 Bh4 24. Nf3 Qd8 25. Rxe5 Rxf3 26. gxf3 Qf6 27. Rxh5 Bxh5 28. Qd5 Bxf3 29. Qd3+ Kh8 30. Rd2 Re8 31. Ng3 Re1+ 32. Kh2 Rxc1 33. Qe3 Bxg3+ 0-1